| 000 | 00706nam a2200217Ia 4500 | ||
|---|---|---|---|
| 003 | OSt | ||
| 005 | 20220918105338.0 | ||
| 006 | a|||||r|||| 00| 0 | ||
| 007 | ta | ||
| 008 | 220915b |||||||| |||| 00| 0 hin d | ||
| 024 | _a26,565 | ||
| 037 | _cReference Collections | ||
| 040 |
_aARTS _cARTS _bhin |
||
| 041 |
_2hin _ahin |
||
| 082 | _aP152,3:4k, 111M2(RR) | ||
| 245 | 0 |
_aबृहत् पारिभाषिक शब्द - संग्रह _b हिन्दी - अंग्रेजी |
|
| 246 | _aBṛuhat pāribhāṣhik shabda - sangraha: hindī - aangrejī | ||
| 260 | _c1982 | ||
| 942 |
_hP152,3:4k, 111M2(RR) _cREF |
||
| 999 |
_c106151 _d106151 |
||